| 000 | 01142nam a2200193 4500 | ||
|---|---|---|---|
| 008 | 040827s2003 ph a b 001 0 eng | ||
| 020 | _a9715554350 :Php330/297 | ||
| 090 |
_aHC453 _bIn8e |
||
| 100 | 1 | _aIntal, Ponciano S. | |
| 245 | 1 | 0 |
_aEssays on Philippine colonial economy : _bbalance of payments and trade, 1870s to 1930s / _cPonciano S. Intal, Jr. |
| 260 |
_aMalate, Manila, Philippines : _bDe La Salle University Press, _cc2003. |
||
| 300 |
_axix, 117 p. : _bill. ; _c23 cm. |
||
| 504 | _aIncludes bibliographical references (p. 101-108) and index. | ||
| 505 | 0 | _aThe silver standard period, currency depreciation and the emergence of the export economy -- The gold exchange standard period, money, prices, and output in a small, open colonial economy -- Demand and supply factors of export growth in colonial Philippines during the American regime -- Lessons and insights from the Philippines then and now. | |
| 650 | 4 |
_aBalance of payments _zPhilippines. |
|
| 650 | 4 |
_aForeign exchange _zPhilippines. |
|
| 651 | 4 |
_aPhilippines4xEconomic conditions _y1870-1930. |
|
| 951 |
_p27516 _x00029597 _oHC453/In8e _j070613111414093 _d2000-12-21 _cFIL |
||
| 999 |
_c21082 _d21082 |
||